| 000 | 00705nam a2200253Ia 4500 | ||
|---|---|---|---|
| 003 | GCL | ||
| 008 | 140319s9999 xx 000 0 ara d | ||
| 040 |
_aGCL / _cGCL |
||
| 082 | 0 | 4 |
_a657.8 _bخ م |
| 100 | 1 | _aخيرت ضيف | |
| 245 | 1 | 0 |
_aمحاسبة البنوك / _cخيرت ضيف |
| 300 | _a371 ص | ||
| 490 | _a | ||
| 650 | 0 | 4 | _aالمحاسبة |
| 650 | 0 | 4 | _aالاوراق المالية |
| 650 | 0 | 4 | _aالحسابات الجارية |
| 650 | 0 | 4 | _aالبنوك التجارية |
| 650 | 0 | 4 | _aالائتمان |
| 650 | 0 | 4 | _aالكمبيالات |
| 650 | 0 | 4 | _aالبنوك - محاسبة |
| 650 | 0 | 4 | _aالودائع |
| 650 | 0 | 4 | _aالضمانات المالية |
| 942 |
_2ddc _cBK |
||
| 999 |
_c39416 _d39416 |
||